00711nam a22001937a 450000500170000001000150001702000260003203500140005803700090007208200080008110000270008924500720011626000590018827000800024730000250032794200220035299900190037495201240039320240624152322.0 aENG-140678 a9789389253818c699.00 aEN-124210 bDBAD a920 aNooyi, Indra K.967645 aMy LIfe in Full:bWork, Family And Our Future/cBy Indra K. Nooyi,  aGurugrambHachelle Book Publishing India Pvt Ltdc2021 a4th & %th Floor, Corporate Centre, Plot No. 94, Sector 44bGurugrame122003 axiv,313p.c22cm.(Hb) 2ddccENh920mNOO c203657d203657 001040708NFICaLbLd2024-06-24eDBADg699.00l0o920 NOOpEN-124210r2024-06-24 00:00:00t1v699.00w2024-06-24yEN